Annual reviews of computational physics VI

The sixth volume of the series covers topics ranging from the generation of good random numbers to statistical physics, quantum mechanics, quantum computers and polymers, to protein folding and immunology simulations.

Tallennettuna:
Bibliografiset tiedot
Päätekijä: Stauffer, Dietrich
Aineistotyyppi: Kirja
Kieli:Vietnamese
Julkaistu: Singapore World Scientific 1999
Aiheet:
Tagit: Lisää tagi
Ei tageja, Lisää ensimmäinen tagi!
Thư viện lưu trữ: Thư viện Trường Đại học Nam Cần Thơ
LEADER 01519nam a22002537a 4500
001 NCT_82825
008 200724b xxu||||| |||| 00| 0 vie d
999 |c 4076  |d 4076 
020 |a 9810235631 
082 0 4 |2 23rd ed.  |a 530.15  |b S798 
100 1 |a Stauffer, Dietrich 
245 1 0 |a Annual reviews of computational physics  |c Dietrich Stauffer  |n VI 
260 |a Singapore  |b World Scientific  |c 1999 
300 |a 346 p.  |b ill.  |c 23cm 
504 |a Includes references and index 
520 3 |a The sixth volume of the series covers topics ranging from the generation of good random numbers to statistical physics, quantum mechanics, quantum computers and polymers, to protein folding and immunology simulations. 
653 |a Cơ bản 
942 |2 ddc  |c BK 
952 |0 0  |1 0  |2 ddc  |4 0  |6 530_150000000000000_S798  |7 0  |9 20028  |a 000001  |b 000001  |d 2020-07-24  |o 530.15 S798  |p MD.17532  |r 2020-07-24  |w 2020-07-24  |y BK 
952 |0 0  |1 0  |2 ddc  |4 0  |6 530_150000000000000_S798  |7 0  |9 20029  |a 000001  |b 000001  |d 2020-07-24  |o 530.15 S798  |p MD.17533  |r 2020-07-24  |w 2020-07-24  |y BK 
952 |0 0  |1 0  |2 ddc  |4 0  |6 530_150000000000000_S798  |7 0  |9 20030  |a 000001  |b 000001  |d 2020-07-24  |o 530.15 S798  |p MD.17534  |r 2020-07-24  |w 2020-07-24  |y BK 
952 |0 0  |1 0  |2 ddc  |4 0  |6 530_150000000000000_S798  |7 0  |9 20031  |a 000001  |b 000001  |d 2020-07-24  |o 530.15 S798  |p MD.17535  |r 2020-07-24  |w 2020-07-24  |y BK 
952 |0 0  |1 0  |2 ddc  |4 0  |6 530_150000000000000_S798  |7 0  |9 20032  |a 000001  |b 000001  |d 2020-07-24  |o 530.15 S798  |p MD.17536  |r 2020-07-24  |w 2020-07-24  |y BK 
980 |a Thư viện Trường Đại học Nam Cần Thơ